000 00701nam a2200205 u 4500
001 000780954
003 AM-YeHGA
005 20250618073851.0
008 101227s1984 ai r 000 0 rus d
040 _aAM-YeHGA
041 1 _arus
_harm
100 1 _aՆար-Դոս,
_d1867-1933
_91453
245 1 0 _aСмерть :
_bРоман /
_cНар-Дос; Пер. с арм. Л. Бояджяна.
260 _aЕреван :
_bСоветакан грох,
_c1984.
300 _a320 с. :
_bцв. ил.
653 0 _aТифлис, 20 в.
653 0 _aАрмянская интеллигенция
700 1 _aԲոյաջյան, Լևոն Անդրանիկի,
_d1939-
_eпер.
_4trl
_92540
090 _c287394
999 _c285730
_d285730